Evropské peníze pomáhají rozvoji zaměstnanců v Česku
Z európskych fondov prichádzajú do ČR na školenia a rozvoj pracovníkov stovky milónov korún. Dva hlavné projekty vzdelávania a ich význam pre zamestnávateľov. Ďalšie možnosti získania prostriedkov.
Salvato in:
| Autore principale: | |
|---|---|
| Natura: | Capitolo di libro |
| Lingua: | ceco |
| Soggetti: | |
| Tags: |
Nessun Tag, puoi essere il primo ad aggiungerne!!
|
MARC
| LEADER | 00000naa$a2200000$$$4500 | ||
|---|---|---|---|
| 001 | 0115516 | ||
| 005 | 20231019115250.4 | ||
| 041 | 0 | |a cze | |
| 044 | |a CZ | ||
| 245 | 1 | 0 | |a Evropské peníze pomáhají rozvoji zaměstnanců v Česku |c Jan Přikryl |
| 520 | |a Z európskych fondov prichádzajú do ČR na školenia a rozvoj pracovníkov stovky milónov korún. Dva hlavné projekty vzdelávania a ich význam pre zamestnávateľov. Ďalšie možnosti získania prostriedkov. | ||
| 610 | 2 | 0 | |a vzdelávanie ďalšie |
| 610 | 2 | 0 | |a projekty |
| 610 | 2 | 0 | |a Česko |
| 610 | 2 | 0 | |a financovanie |
| 610 | 2 | 0 | |a Európska únia |
| 100 | 1 | |a Přikryl, Jan | |